Подробности
| 000 -МАРКЕР |
| контрольное поле |
02742nam0a22003371 4500 |
| 001 - ИДЕНТИФИКАТОР ЗАПИСИ |
| контрольное поле |
rc\488715 |
| 005 - ИДЕНТИФИКАТОР ВЕРСИИ |
| контрольное поле |
20250621103704.0 |
| 035 ## - ДРУГИЕ СИСТЕМНЫЕ НОМЕРА |
| Идентификатор записи |
(NLR Aleph) 005730868 |
| 100 ## - ДАННЫЕ ОБЩЕЙ ОБРАБОТКИ |
| Данные общей обработки |
20030616d1987 |||y0rusy50 ca |
| 101 0# - ЯЗЫК РЕСУРСА |
| Язык текста, звукозаписи и т.д. |
русский |
| 102 ## - СТРАНА ПУБЛИКАЦИИ ИЛИ ПРОИЗВОДСТВА |
| Страна публикации |
Российская Федерация |
| 105 ## - ПОЛЕ КОДИРОВАННЫХ ДАННЫХ: ТЕКСТОВЫЕ МАТЕРИАЛЫ, МОНОГРАФИЧЕСКИЕ |
| Кодированные данные о монографическом текстовом документе |
y ||||||||| |
| 200 1# - ЗАГЛАВИЕ И СВЕДЕНИЯ ОБ ОТВЕТСТВЕННОСТИ |
| Основное заглавие |
Верность долгу (1917-1987) |
| Сведения, относящиеся к заглавию |
Рассказы о чекистах |
| -- |
[Посвящается 70-летию органов ВЧК-КГВ |
| Первые сведения об ответственности |
Сост. Ю.А. Гуртовой |
| Последующие сведения об ответственности |
Вступ. ст. ген.-майора С.С. Лапина] |
| 210 ## - ПУБЛИКАЦИЯ, РАСПРОСТРАНЕНИЕ И ДР. |
| Место издания, распространения и т.д. |
Иркутск |
| Имя издателя, распространителя и т. д. |
Вост.-Сиб. кн. изд-во |
| Дата издания, распространения и т.д. |
1987 |
| 215 ## - ФИЗИЧЕСКАЯ ХАРАКТЕРИСТИКА |
| Специфическое обозначение материала и объем |
304 с. |
| Размеры |
20 |
| 327 0# - ПРИМЕЧАНИЯ О СОДЕРЖАНИИ |
| Текст примечания |
Содерж.: Разведчик Центросибири; Они были первыми; Конец роговской организации / Г. Белоусов, Г. Гудков; Дела давно минувших дней / А. Шастин; Жатва черного посева / В. Имшенецкий; Финал / А. Шастин; В сороковые огневые / Л. Огневский; По следам утеряных нитей / А. Семенов; Невидимый бой / Г. Машкин и др. |
| 464 #0 - АНАЛИТИЧЕСКИЙ УРОВЕНЬ |
| Встроенное поле |
2001#$aРазведчик Центросибири |
| -- |
700#1$aБелоусов$bГ. |
| -- |
701#1$aГудков$bГ. |
| Заглавие |
Разведчик Центросибири |
| Автор |
Белоусов, Г. |
| 464 #0 - АНАЛИТИЧЕСКИЙ УРОВЕНЬ |
| Встроенное поле |
2001#$aОни были первыми |
| -- |
700#1$aБелоусов$bГ. |
| -- |
701#1$aГудков$bГ. |
| Заглавие |
Они были первыми |
| Автор |
Белоусов, Г. |
| 464 #0 - АНАЛИТИЧЕСКИЙ УРОВЕНЬ |
| Встроенное поле |
2001#$aКонец роговской организации |
| -- |
700#1$aБелоусов$bГ. |
| -- |
701#1$aГудков$bГ. |
| Заглавие |
Конец роговской организации |
| Автор |
Белоусов, Г. |
| 464 #0 - АНАЛИТИЧЕСКИЙ УРОВЕНЬ |
| Встроенное поле |
2001#$aДела давно минувших дней |
| -- |
700#1$aШастин$bА. |
| Заглавие |
Дела давно минувших дней |
| Автор |
Шастин, А. |
| 464 #0 - АНАЛИТИЧЕСКИЙ УРОВЕНЬ |
| Встроенное поле |
2001#$aЖатва черного посева |
| -- |
700#1$aИмшенецкий$bВ. |
| Заглавие |
Жатва черного посева |
| Автор |
Имшенецкий, В. |
| 464 #0 - АНАЛИТИЧЕСКИЙ УРОВЕНЬ |
| Встроенное поле |
2001#$aФинал |
| -- |
700#1$aШастин$bА. |
| Заглавие |
Финал |
| Автор |
Шастин, А. |
| 464 #0 - АНАЛИТИЧЕСКИЙ УРОВЕНЬ |
| Встроенное поле |
2001#$aВ сороковые огневые |
| -- |
700#1$aОгневский$bЛ. |
| Заглавие |
В сороковые огневые |
| Автор |
Огневский, Л. |
| 464 #0 - АНАЛИТИЧЕСКИЙ УРОВЕНЬ |
| Встроенное поле |
2001#$aПо следам утеряных нитей |
| -- |
700#1$aСеменов$bА. |
| Заглавие |
По следам утеряных нитей |
| Автор |
Семенов, А. |
| 464 #0 - АНАЛИТИЧЕСКИЙ УРОВЕНЬ |
| Встроенное поле |
2001#$aНевидимый бой |
| -- |
700#1$aМашкин$bГ. |
| Заглавие |
Невидимый бой |
| Автор |
Машкин, Г. |
| 801 #0 - ИСТОЧНИК ЗАПИСИ |
| Страна |
Российская Федерация |
| Организация |
NLR |
| Правила каталогизации |
psbo |
| 801 #1 - ИСТОЧНИК ЗАПИСИ |
| Страна |
Российская Федерация |
| Организация |
ELAR |
| Источник данных |
rusmarc |
| 852 ## - МЕСТОНАХОЖДЕНИЕ И ШИФР ХРАНЕНИЯ |
| Идентификатор организации |
NLR |
| Шифр хранения (Call Number) |
87-3/10293 |
| 942 ## - ДОПОЛНИТЕЛЬНЫЕ ЭЛЕМЕНТЫ ЗАПИСИ (АБИС) |
| Тип экземпляра АБИС |
Книга |
| 980 ## - КОЛЛЕКЦИЯ |
| Название коллекции |
Национальная библиография |